Advice to Householders/ (Record no. 190769)

MARC details
000 -LEADER
fixed length control field 00554nam a22001817a 4500
005 - DATE AND TIME OF LATEST TRANSACTION
control field 20220804130237.0
010 ## - LCCN (DPL NO)
LC control number ENG-134240
020 ## - INTERNATIONAL STANDARD BOOK NUMBER
Terms of availability 100.00
International Standard Book Number 9788185883653
035 ## - SYSTEM CONTROL NUMBER
System control number EN-117772
037 ## - SOURCE OF ACQUISITION
Source of stock number/acquisition DBAD/PUB
082 ## - DEWEY DECIMAL CLASSIFICATION NUMBER
Classification number 294.5441
100 ## - MAIN ENTRY--PERSONAL NAME
Personal name Jyotirmayananda
245 ## - TITLE STATEMENT
Title Advice to Householders/
Statement of responsibility, etc Jyotirmayananda
260 ## - PUBLICATION, DISTRIBUTION, ETC. (IMPRINT)
Place of publication, distribution, etc Ghaziabad
Name of publisher, distributor, etc International Yoga Society
Date of publication, distribution, etc 2011
270 ## - ADDRESS
Address Lal Bagh, Loni
City Ghaziabad
Postal code 201102
Telephone number 0120-2600237
Electronic mail address lysindia@gmail.com
300 ## - PHYSICAL DESCRIPTION
Extent 176 p.
Dimensions 21cm(pbk)
942 ## - ADDED ENTRY ELEMENTS (KOHA)
Source of classification or shelving scheme Dewey Decimal Classification
Item type English Books
Classification part 294.5441
Call number suffix JYO
Holdings
Withdrawn status Lost status Not for loan Collection code Home library Current library Date acquired Source of acquisition Cost, normal purchase price Full call number Barcode Copy number Cost, replacement price Koha item type
      Non-fiction Bawana Bawana 04/08/2022 DBAD/PUB 100.00 294.5441 JYO EN-117772 1 100.00 English Books

© Delhi Public Library
Hit Counter
free hit counter